Vitamins - Sudden death! - Statistics

General Stats
  • This quiz has been taken 128 times
  • The average score is 4 of 13
Answers on the Grid
Answers color-coded by a green-red scale on the quiz's grid according to % correct below.
A
B
B1
B2
B3
B4
B5
B6
B7
B9
B11
B12
C
Ce
D
E
F1
XI
K
O
W
Z
 
Answer Stats
Answer % Correct
A
90%
B2
40%
B3
38%
C
37%
D
37%
B1
32%
B12
32%
K
32%
E
31%
B6
25%
B5
22%
B7
16%
B9
13%
No matching quizzes found
Score Distribution
Percent of People with Each Score
Percentile by Number Answered
Your Score History
You have not taken this quiz